00571 2200217 4500001002100000005001500021035002000036007000300056008004100059020002200100082001100122084001700133100001700150245004600167250001100213260005100224300003500275650001600310700001700326990001000343INLIS00000000001127420220427025232 a0010-0422000073ta220427 b 1 ind  a978-602-394-079-0 a808.83 a808.83 IDE b0 aIDEO, Watiek1 aBercak Aneh /cWatiek Ideo & DK. Wardhani aCet. 1 aJakarta :bPenerbit Bhuana Ilmu Populer,c2016 a32 hlm :b.ilust ;c20 x 20 cm 4aCERITA ANAK0 aDK. Wardhani a16044